Normal view
MARC view
- Langley, Russell
Entry Personal Name
001 - CONTROL NUMBER
- control field: 39509
003 - CONTROL NUMBER IDENTIFIER
- control field: NUST
005 - DATE AND TIME OF LATEST TRANSACTION
- control field: 20210314131450.0
008 - FIXED-LENGTH DATA ELEMENTS
- fixed length control field: 210314|| aca||aabn | a|a d
040 ## - CATALOGING SOURCE
- Original cataloging agency: NUST
- Transcribing agency: NUST
100 ## - HEADING--PERSONAL NAME
- Personal name: Langley, Russell
670 ## - SOURCE DATA FOUND
- Source citation: Work cat.: (NUST): Langley, Russell., Practical statistics simply explained., [1971, c1970]
